Metodología de la investigación (Registro nro. 1972)
[ vista simple ]
| 000 -CABECERA | |
|---|---|
| Longitud fija campo de control | 01024nam a22002777a 4500 |
| 003 - IDENTIFICADOR DELl NÚMERO DE CONTROL | |
| Identificador del número de control | OSt |
| 005 - FECHA Y HORA DE LA ÚLTIMA TRANSACCIÓN | |
| Fecha y hora de la última transacción | 20171114105329.0 |
| 008 - CÓDIGOS DE INFORMACIÓN DE LONGITUD FIJA | |
| Códigos de información de longitud fija | 130909b xxu||||| |||| 00| 0 eng d |
| 020 ## - NÚMERO INTERNACIONAL NORMALIZADO PARA LIBROS | |
| Número Internacional Normalizado para Libros (ISBN) | 970-26-0645-4 |
| 040 ## - FUENTE DE LA CATALOGACIÓN | |
| Centro catalogador de origen | BMC |
| Centro transcriptor | BMC |
| 082 ## - NÚMERO DE LA CLASIFICACIÓN DECIMAL DEWEY | |
| Númeroo de clasificación | 001.42 |
| 082 ## - NÚMERO DE LA CLASIFICACIÓN DECIMAL DEWEY | |
| Númeroo de clasificación | 300.0014 |
| 082 ## - NÚMERO DE LA CLASIFICACIÓN DECIMAL DEWEY | |
| Númeroo de clasificación | 300.1 |
| 100 10 - PUNTO DE ACCESO PRINCIPAL-NOMBRE DE PERSONA | |
| 9 (RLIN) | 3283 |
| Nombre de persona | Bernal Torres, César Augusto |
| 245 10 - MENCIÓN DE TÍTULO | |
| Título | Metodología de la investigación |
| Resto del título | : para administración, economía, humanidades y ciencias sociales |
| Mención de responsabilidad, etc. | César Augusto Bernal Torres ; revisión técnica, Duván Salavarrieta, Tomás Sánchez Amaya, Rosalba Salazar |
| 250 ## - MENCIÓN DE EDICIÓN | |
| Mención de edición | 2ª ed |
| 260 ## - PUBLICACIÓN, DISTRIBUCIÓN, ETC. (PIE DE IMPRENTA) | |
| Lugar de publicación, distribución, etc. | México, D.F. [etc.] |
| Nombre del editor, distribuidor, etc. | Pearson Educación |
| Fecha de publicación, distribución, etc. | 2006 |
| 300 ## - DESCRIPCIÓN FÍSICA | |
| Extensión | XVII, 286 p. |
| Otras características físicas | il., gráf. |
| Dimensiones | 23 cm |
| Material anejo | + 1 disco compacto |
| 650 ## - PUNTO DE ACCESO ADICIONAL DE MATERIA - TÉRMINO DE MATERIA | |
| 9 (RLIN) | 168 |
| Término de materia o nombre geográfico como elemento inicial | Investigación |
| Subdivisión de materia general | Metodología |
| 650 ## - PUNTO DE ACCESO ADICIONAL DE MATERIA - TÉRMINO DE MATERIA | |
| 9 (RLIN) | 4837 |
| Término de materia o nombre geográfico como elemento inicial | Ciencias sociales |
| Subdivisión de materia general | Investigación |
| 650 ## - PUNTO DE ACCESO ADICIONAL DE MATERIA - TÉRMINO DE MATERIA | |
| 9 (RLIN) | 3374 |
| Término de materia o nombre geográfico como elemento inicial | Ciencias sociales |
| Subdivisión de materia general | Metodología |
| 700 1# - PUNTO DE ACCESO ADICIONAL - NOMBRE DE PERSONA | |
| 9 (RLIN) | 4847 |
| Nombre de persona | Salazar, Rosalba |
| 700 1# - PUNTO DE ACCESO ADICIONAL - NOMBRE DE PERSONA | |
| 9 (RLIN) | 4845 |
| Nombre de persona | Salavarrieta, Duván |
| 700 1# - PUNTO DE ACCESO ADICIONAL - NOMBRE DE PERSONA | |
| 9 (RLIN) | 4846 |
| Nombre de persona | Sánchez Amaya, Tomás |
| 942 ## - ENTRADA DE ELEMENTOS AGREGADOS (KOHA) | |
| Fuente de clasificaión o esquema | Dewey Decimal Classification |
| Koha [por defecto] tipo de item | 1- Monografias |
| Suprimido | Perdido | Fuente de clasificación o esquema | Estropeado | Restricciones de uso | No para préstamo | Código de colección | Localización permanente | Localización actual | Localización en estanter&íacute;as | Fecha adquisición | Fuente de adquisición | Número de inventario | Préstamos totales | Signatura completa | Código de barras | Fecha última consulta | Fecha último préstamo | Coste, precio reemplazado | Fecha del precio de reemplazo | Tipo de item de Koha | Renovaciones totales |
|---|---|---|---|---|---|---|---|---|---|---|---|---|---|---|---|---|---|---|---|---|---|
| NULL | NULL | Dewey Decimal Classification | NULL | Prestable | NULL | NULL | Biblioteca Centro Regional de Ilobasco | Biblioteca Centro Regional de Ilobasco | Sala Principal | 17/04/2015 | UNICAES | LI000074 | 2 | 001.42 BER met | 1030613 | 20/02/2026 | 18/02/2026 | 42.00 | 17/04/2015 | 1- Monografias | |
| NULL | NULL | Dewey Decimal Classification | NULL | Prestable | NULL | NULL | Biblioteca Centro Regional de Ilobasco | Biblioteca Centro Regional de Ilobasco | Sala Principal | 17/04/2015 | UNICAES | LI000075 | 5 | 001.42 BER met | 1030614 | 20/02/2026 | 19/02/2026 | 42.00 | 17/04/2015 | 1- Monografias | |
| NULL | NULL | Dewey Decimal Classification | NULL | Prestable | NULL | NULL | Biblioteca Miguel de Cervantes - UNICAES | Biblioteca Miguel de Cervantes - UNICAES | Sala Principal | 10/10/2011 | Donación - Facultad de Ingenieria y Arquitectura | 002441 | 4 | 001.42 BER met | 1002441 | 02/03/2026 | 02/03/2026 | 428.39 | 10/09/2013 | 1- Monografias | |
| NULL | NULL | Dewey Decimal Classification | NULL | Prestable | NULL | NULL | Biblioteca Miguel de Cervantes - UNICAES | Biblioteca Miguel de Cervantes - UNICAES | Sala Principal | 22/12/2010 | Donación - Facultad de Ingenieria y Arquitectura | 002442 | 5 | 001.42 BER met | 1002442 | 07/02/2026 | 20/01/2026 | 428.39 | 10/09/2013 | 1- Monografias | |
| NULL | NULL | Dewey Decimal Classification | NULL | Prestable | NULL | NULL | Biblioteca Miguel de Cervantes - UNICAES | Biblioteca Miguel de Cervantes - UNICAES | Sala Principal | 10/10/2011 | Donación - Facultad de Ingenieria y Arquitectura | 002443 | 7 | 001.42 BER met | 1002443 | 29/07/2019 | 15/07/2019 | 428.39 | 10/09/2013 | 1- Monografias | 1 |
| NULL | NULL | Dewey Decimal Classification | NULL | Prestable | NULL | NULL | Biblioteca Miguel de Cervantes - UNICAES | Biblioteca Miguel de Cervantes - UNICAES | Sala Principal | 05/09/2009 | Donación - Facultad de Ciencias Empresariales | 002444 | 5 | 001.42 BER met | 1002444 | 29/08/2019 | 23/08/2019 | 428.39 | 10/09/2013 | 1- Monografias | 2 |
| NULL | NULL | Dewey Decimal Classification | NULL | Prestable | NULL | NULL | Biblioteca Miguel de Cervantes - UNICAES | Biblioteca Miguel de Cervantes - UNICAES | Sala Principal | 05/09/2009 | Donación - Facultad de Ciencias Empresariales | 002445 | 7 | 001.42 BER met | 1002445 | 13/12/2025 | 02/10/2025 | 428.39 | 10/09/2013 | 1- Monografias | 3 |
| NULL | NULL | Dewey Decimal Classification | NULL | Prestable | NULL | NULL | Biblioteca Miguel de Cervantes - UNICAES | Biblioteca Miguel de Cervantes - UNICAES | Sala Principal | 22/12/2010 | Donación - Facultad de Ciencias y Humanidades | 002446 | 8 | 001.42 BER met | 1002446 | 14/11/2019 | 12/11/2019 | 428.39 | 10/09/2013 | 1- Monografias | |
| NULL | NULL | Dewey Decimal Classification | NULL | Prestable | NULL | NULL | Biblioteca Miguel de Cervantes - UNICAES | Biblioteca Miguel de Cervantes - UNICAES | Sala Principal | 22/12/2010 | Donación - Facultad de Ciencias y Humanidades | 002447 | 7 | 001.42 BER met | 1002447 | 12/02/2019 | 25/01/2019 | 428.39 | 10/09/2013 | 1- Monografias |